ARRUPE JESUIT UNIVERSITY

CORONAVIRUS -STOP THE SPREAD - CLEAN,DISINFECT,COVER

Introduction to moral reasoning (Record no. 22814)

MARC details
000 -LEADER
fixed length control field 00534nam a2200217Ia 4500
003 - CONTROL NUMBER IDENTIFIER
control field 0100
008 - FIXED-LENGTH DATA ELEMENTS--GENERAL INFORMATION
fixed length control field 130303s9999 xx 000 0 und d
020 ## - INTERNATIONAL STANDARD BOOK NUMBER
International Standard Book Number 0314931619
040 ## - CATALOGING SOURCE
Transcribing agency ARRUPELIB
050 ## - LIBRARY OF CONGRESS CALL NUMBER
Classification number BJ1025.C55 1986
300 ## - PHYSICAL DESCRIPTION
Other physical details 404p. 25cm.
100 ## - MAIN ENTRY--PERSONAL NAME
Personal name Clark ,Ralph W
245 ## - TITLE STATEMENT
Title Introduction to moral reasoning
245 ## - TITLE STATEMENT
Remainder of title applying basic moral principles to selected readings
260 ## - PUBLICATION, DISTRIBUTION, ETC. (IMPRINT)
Place of publication, distribution, etc New York
260 ## - PUBLICATION, DISTRIBUTION, ETC. (IMPRINT)
Name of publisher, distributor, etc West Publishing Co.
260 ## - PUBLICATION, DISTRIBUTION, ETC. (IMPRINT)
-- 1986
300 ## - PHYSICAL DESCRIPTION
Extent xvii
650 ## - SUBJECT ADDED ENTRY--TOPICAL TERM
Topical term or geographic name as entry element ETHICS
942 00 - ADDED ENTRY ELEMENTS (KOHA)
Koha issues (borrowed), all copies 1
Holdings
Withdrawn status Lost status Source of classification or shelving scheme Damaged status Not for loan Collection code Home library Current library Shelving location Date acquired Total Checkouts Full call number Barcode Date last seen Date checked out Copy number Price effective from Koha item type
    Library of Congress Classification     Main Collection ARRUPE LIBRARY ARRUPE LIBRARY   04/03/2013 3 BJ1025.C55 1986 46003005739 22/09/2016 18/03/2016 1 04/03/2013 Monograph ( Printed materials)

 

Arrupe Library. PO Box MP320 Mt Pleasant, Harare, Zimbabwe
263 242 745411|librarian@aju.ac.zw